000
00251nam a2200097Ia 4500
001
1211107
005
20250827024430.0
008
250824s9999 xx 000 0 und d
245
0
_a
BİR KADIN BİR SES
_c
DOĞAN CÜCELOĞLU
260
_b
REMZİ KİTABEVİ
999
_c
1211107
_d
1211107